| 000 | 00352nam a2200145Ia 4500 | ||
|---|---|---|---|
| 008 | 150201s2009 xx 000 0 und d | ||
| 082 |
_a615 _bP09S |
||
| 100 | _aSATOSKER, R.S. | ||
| 245 | _aPHARMACOLOGY AND PHARMACOTHERAPEUTIS | ||
| 250 | _a21ST | ||
| 260 |
_bPOPULAR _aMUMBAI _c2009 |
||
| 300 | _a1-1130 | ||
| 650 | _aPHARMACOLOGY | ||
| 942 |
_2ddc _cBK _01 |
||
| 999 |
_c266 _d266 |
||